[Event "80th Tata Steel Challengers 2018"]
[Site "Wijk aan Zee"]
[Date "2018.01.24"]
[Round "10"]
[White "Xiong, Jeffery"]
[Black "Vidit, Santosh Gujrathi"]
[Result "1/2-1/2"]
[WhiteElo "2634"]
[BlackElo "2718"]
[Annotator "TA"]
[PlyCount "95"]
[EventDate "2018.??.??"]
[EventType "tourn"]
[EventCountry "NED"]
[SourceTitle "playchess.com"]
[Source "ChessBase"]
[SourceQuality "1"]

{[%evp 22,95,26,11,20,6,14,0,4,0,14,12,7,16,13,0,35,39,36,38,39,37,64,56,96,108,107,58,74,60,62,91,98,76,67,47,43,43,48,48,74,74,59,50,50,35,36,36,36,36,36,36,36,43,43,0,43,0,43,0,30,21,61,0,0,0,0,0,0,0,0,0,0,0,0,0]} 1. d4 Nf6 2. c4 e6 3. Nf3 d5 4. g3 Bb4+ 5. Bd2 Be7 6. Bg2 O-O 7. O-O c6 8. Qc2 Nbd7 9. Rd1 b6 10. b3 a5 {E11: Bogo-Indian} 11. Bc3 Ne4 12. Bb2 {LiveBook: 5 Games} f5 13. Nc3 $146 ({Predecessor:} 13. e3 Ba6 14. Ba3 Bxa3 15. Nxa3 b5 16. Rac1 Qe7 17. cxb5 cxb5 18. Nb1 {½-½ (44) So,W (2771)-Giri,A (2769) Saint Louis 2016}) 13... Ba6 14. e3 Qe8 15. Rac1 Rc8 16. Ne5 Nxe5 17. dxe5 b5 18. Bf1 a4 19. Nxe4 fxe4 20. cxd5 cxd5 21. Qd2 a3 22. Bd4 Qf7 23. Rxc8 Rxc8 24. Rc1 Qe8 $1 25. Rxc8 Bxc8 26. Qa5 b4 27. Bc5 {And now Bd6 would win.} Qf8 28. Bxe7 Qxe7 29. Bb5 g5 30. Qb6 Kf7 31. Bc6 Kg7 32. h3 h5 {[%cal Bh7h5,Bh5h4][%mdl 32]} 33. Kg2 h4 34. g4 Kf7 $1 35. Kh2 Kg7 36. Kg1 Kf7 37. Kh1 Kg7 38. Kg1 Kf7 39. Kh1 Kg7 40. Kg2 Kf7 $1 41. Kf1 Kg7 42. Ke1 $1 Kf7 {The position is equal.} 43. Qb8 Ba6 $1 44. Qh8 Bd3 45. Qh7+ Kf8 46. Qh8+ Kf7 47. Qh7+ Kf8 48. Qh8+ {Precision: White = 58%, Black = 81%.} 1/2-1/2

[Event "80th Tata Steel Challengers 2018"]
[Site "Wijk aan Zee"]
[Date "2018.01.24"]
[Round "10"]
[White "Van Foreest, Jorden"]
[Black "Amin, Bassem"]
[Result "1/2-1/2"]
[WhiteElo "2629"]
[BlackElo "2693"]
[Annotator "TA"]
[PlyCount "48"]
[EventDate "2018.??.??"]
[EventType "tourn"]
[EventCountry "NED"]
[SourceTitle "playchess.com"]
[Source "ChessBase"]
[SourceQuality "1"]

{[%evp 17,48,0,0,0,33,26,20,32,27,33,35,14,23,19,31,27,34,15,19,9,57,0,0,0,-3,-15,0,-12,-13,-15,0,0,0]} 1. e4 e5 2. Nf3 Nc6 3. Bb5 a6 4. Ba4 Nf6 5. O-O Be7 6. d3 d6 7. c4 O-O {C84: Closed Ruy Lopez: Unusual White 6th moves} 8. h3 Nd7 9. Be3 Bf6 {LiveBook: 13 Games} 10. c5 $146 ({Predecessor:} 10. Nc3 Nd4 11. Bxd7 Bxd7 12. Nd5 b5 13. c5 dxc5 14. Rc1 c6 15. Nxf6+ Qxf6 16. Rxc5 Nxf3+ 17. Qxf3 Qxf3 18. gxf3 {½-½ (42) Naiditsch,A (2700)-Ponomariov,R (2726) Dortmund 2012}) 10... Ne7 11. cxd6 cxd6 12. Nc3 b5 13. Bb3 Bb7 14. a3 Nc5 15. Ba2 Rc8 16. Rc1 Qd7 17. Re1 h6 18. Nh2 Ne6 19. Qh5 ({Better is} 19. Qg4 $14) 19... Nf4 $11 {The position is equal.} 20. Bxf4 exf4 21. Nf3 Rc5 22. Qg4 Qxg4 23. hxg4 Bxc3 24. Rxc3 Rfc8 {Precision: White = 59%, Black = 60%.} 1/2-1/2

[Event "80th Tata Steel Challengers 2018"]
[Site "Wijk aan Zee"]
[Date "2018.01.24"]
[Round "10"]
[White "Bok, Benjamin"]
[Black "Gordievsky, Dmitry"]
[Result "0-1"]
[WhiteElo "2607"]
[BlackElo "2622"]
[Annotator "TA"]
[PlyCount "58"]
[EventDate "2018.??.??"]
[EventType "tourn"]
[EventCountry "NED"]
[SourceTitle "playchess.com"]
[Source "ChessBase"]
[SourceQuality "1"]

{[%evp 23,58,8,7,6,19,10,51,23,21,13,14,-45,-70,-81,-50,-62,-9,-93,-105,-137,-47,-57,-43,-413,-416,-407,-398,-443,-478,-547,-610,-597,-567,-563,-531,-704,-583]} 1. e4 c5 2. Nf3 d6 3. d4 cxd4 4. Nxd4 Nf6 5. Nc3 a6 6. Be3 e6 7. f3 b5 {[%cal Bb7b5,Bb5b4][%mdl 32]} 8. Qd2 b4 {B80: Sicilian Scheveningen: 6 g3 and 6 Be3, including English Attack} (8... Nbd7 9. g4 h6 10. O-O-O b4 11. Na4 Ne5 12. Kb1 Bd7 13. b3 Bxa4 14. bxa4 Qc7 15. Be2 Be7 16. h4 Nc4 17. Bxc4 Qxc4 18. Qd3 {1-0 (49) Caruana,F (2802)-Hou,Y (2652) chess.com INT 2017}) 9. Na4 Nbd7 10. O-O-O Qa5 11. b3 Bb7 12. a3 Qc7 $1 {LiveBook: 21 Games} 13. axb4 d5 14. Bf2 {[#]} e5 $146 ({Find the theoretical novelty and annotate with similar games:} 14... dxe4 15. Bg3 Qc8 16. Bc4 {1-0 (32) Yoo,C (2242)-Preotu,R (2501) Calgary 2017}) 15. Nf5 {[%cal Re4d5]} g6 16. Nh6 {[%cal Re4d5]} Rc8 (16... Bxh6 $6 17. Qxh6 dxe4 18. Be2 $16) 17. Bd3 (17. Nc5 $11) 17... dxe4 $15 18. Bc4 Bd5 $1 19. Nb2 exf3 (19... a5 $1 $15 20. Bh4 (20. bxa5 Bxh6 21. Qxh6 Qxa5 $15) 20... Bxb4) 20. Rhe1 (20. gxf3 $11 {keeps the balance.} Bxh6 21. Qxh6 Bxf3 22. Rhf1 (22. Qg7 Rf8 $17) 22... Bxd1 23. Nxd1) 20... fxg2 $17 (20... Bxc4 21. Nxc4 fxg2 22. Bh4 $14) 21. Kb1 Qd6 (21... Bxc4 22. Nxc4 Rb8 {[#]} 23. Nxe5 $1 $14 {[%mdl 512]}) (21... Be6 $17 {aiming for ...Qb7.} 22. Bh4 Rb8 23. Bxf6 Nxf6) 22. Bxd5 $15 Qxd5 23. Nd3 $2 {[%mdl 8192]} ({White should try} 23. Qxd5 $15 Nxd5 24. Rxd5 Bxh6 25. Nc4) 23... Ne4 $19 24. Rxe4 Qxe4 25. Nc5 Nxc5 {Black is clearly winning.} 26. bxc5 {[%csl Gd1][%cal Rd2d7] [#]} Bxh6 27. Qd7+ Kf8 28. Qxc8+ Kg7 29. Qc7 Qe2 {Precision: White = 35%, Black = 51%.} 0-1

[Event "80th Tata Steel Challengers 2018"]
[Site "Wijk aan Zee"]
[Date "2018.01.24"]
[Round "10"]
[White "Tari, Aryan"]
[Black "Krasenkow, Michal"]
[Result "1/2-1/2"]
[WhiteElo "2599"]
[BlackElo "2671"]
[Annotator "TA"]
[PlyCount "141"]
[EventDate "2018.??.??"]
[EventType "tourn"]
[EventCountry "NED"]
[SourceTitle "playchess.com"]
[Source "ChessBase"]
[SourceQuality "1"]

{[%evp 12,141,16,-2,42,27,50,46,58,56,70,70,89,30,30,27,29,12,30,0,7,10,9,17,15,3,2,3,0,0,19,10,27,11,28,0,0,6,50,52,43,32,39,29,81,0,152,9,87,72,84,47,64,64,62,58,68,60,63,72,64,77,77,75,72,60,104,97,105,81,105,100,197,207,198,218,218,200,346,333,590,576,472,515,589,393,330,198,315,0,0,0,0,0,0,0,0,0,0,0,0,0,0,0,0,0,0,0,0,0,0,0,0,0,0,0,0,0,0,0,0,0,0,0,0,0,0,0,0,0,0,0]} 1. e4 e5 2. Nf3 Nc6 3. d4 exd4 4. Nxd4 Qf6 5. Be3 Bc5 6. c3 Nge7 7. Bb5 {LiveBook: 20 Partien} Nxd4 {C45: Schottische Partie} (7... Bb6 8. O-O O-O 9. a4 Qg6 10. Bd3 Ne5 11. Bc2 d6 12. f3 Nc4 13. Bc1 f5 14. Qe2 Na5 15. Be3 {½-½ (50) Matlakov,M (2738)-Fedoseev,V (2718) Moscow 2017}) 8. cxd4 Bb4+ 9. Nc3 c6 {Weiß steht etwas besser.} 10. Bd3 d5 11. O-O $146 ({Vorgänger:} 11. e5 Qh4 12. O-O Nf5 13. Nxd5 Ba5 14. b4 O-O 15. g3 Qd8 {1-0 (23) Li,C (2613)-Chowdhury,S (2190) Canberra 2010}) 11... Bxc3 12. bxc3 (12. e5 $1 $16 {[%cal Re5f6]} Qh4 13. bxc3) 12... dxe4 $11 13. Bxe4 Bf5 14. Bf3 O-O 15. c4 Rfd8 16. Qb3 Rd7 17. d5 Qg6 18. Bc5 {Droht Tfe1 und aus.} cxd5 19. Bxe7 Rxe7 20. cxd5 Qd6 21. Rac1 g5 22. Rc4 Rc8 23. h3 Rxc4 24. Qxc4 Qb6 25. Rc1 Kg7 26. a4 f6 27. Qc3 a5 (27... Qd6 $11) 28. Qc5 (28. Qa3 $1 $16 {[%cal Ra3e7]} Qb4 29. Qxb4 axb4 30. g4) 28... Qb4 $2 (28... Qxc5 $1 $11 29. Rxc5 b6) 29. Rc4 ({Weiss kommt nicht vorbei an} 29. Qxb4 $1 $16 axb4 30. g4) 29... Qe1+ (29... Qxc5 $1 $11 {hält das Gleichgewicht.} 30. Rxc5 b6) 30. Kh2 $16 Rd7 31. d6 Qe6 32. Rd4 $1 Qe5+ $1 33. Qxe5 fxe5 $14 {[%mdl 4096] Endspiel KTL-KTL} 34. Rd5 $1 {[%csl LRa5,LRe5]} b6 35. Rxe5 Bc2 36. Rxg5+ Kf6 37. Rg4 {Und Tc4 würde nun gewinnen.} Rxd6 38. Kg3 Ke5 39. Be2 Bf5 40. Rh4 Bd7 41. Rh5+ Kf6 {[#]} (41... Kd4 $16) 42. Rh6+ $1 $18 (42. Rxh7 $6 Bxa4 43. h4 Kg6 $16) 42... Ke5 43. f4+ (43. Rxh7 $6 Bxa4 44. Rh5+ Kf6 $14) 43... Kd5 {[#]} 44. Rh5+ $1 ({Auf keinen Fall} 44. Rxh7 $6 Bxa4 45. h4 Kc5 $16) 44... Kd4 (44... Ke4 $142 45. Re5+ (45. Rxh7 Bxa4 46. h4 Bd7 $16) 45... Kd4) 45. Bb5 ({Weniger gut wäre} 45. Rxh7 Bxa4 46. Ra7 Rd7 $14) 45... Kc3 $2 (45... Bxb5 46. Rxb5 Rc6) 46. Bxd7 Rxd7 {KT-KT} 47. Rb5 Rd4 48. Rxb6 Rxa4 49. Rh6 Rc4 (49... Rd4 {war einen Versuch wert.}) 50. Rxh7 $2 (50. f5 $18) 50... a4 $11 {Die Stellung ist ausgeglichen.} 51. Ra7 Kb3 $1 52. f5 {f6 ist eine echte Drohung.} a3 $1 53. f6 Rc6 54. f7 Rf6 55. Rb7+ Kc2 56. Rc7+ Kb2 57. Rb7+ Kc2 58. Ra7 Kb3 59. Kh4 a2 60. Rb7+ Kc2 61. Ra7 Kb3 62. g4 Rxf7 {[#]} 63. Rxa2 $3 {[%mdl 512]} Kxa2 {KT-KBB} 64. g5 Rf1 65. g6 Rg1 66. Kh5 $1 Kb3 67. Kh6 Rh1 68. g7 Rxh3+ 69. Kg6 Rg3+ 70. Kh7 Rxg7+ 71. Kxg7 {Precision: Weiß = 60%, Schwarz = 49%.} 1/2-1/2

[Event "80th Tata Steel Challengers 2018"]
[Site "Wijk aan Zee"]
[Date "2018.01.24"]
[Round "10"]
[White "Girya, Olga"]
[Black "Harika, Dronavalli"]
[Result "1/2-1/2"]
[WhiteElo "2489"]
[BlackElo "2497"]
[Annotator "TA"]
[PlyCount "114"]
[EventDate "2018.??.??"]
[EventType "tourn"]
[EventCountry "NED"]
[SourceTitle "playchess.com"]
[Source "ChessBase"]
[SourceQuality "1"]

{[%evp 19,114,33,35,35,32,33,38,33,37,33,39,32,35,12,42,45,43,30,31,37,41,38,28,26,33,12,25,34,33,10,11,0,12,0,0,0,2,0,0,0,0,0,0,-1,0,0,0,0,0,0,0,0,0,0,0,0,0,0,0,0,1,0,0,0,0,0,0,0,0,0,0,0,0,0,0,0,0,0,0,0,0,0,0,0,8,0,8,0,0,0,0,0,0,0,0,0,0]} 1. d4 d5 2. c4 e6 3. Nf3 Nf6 4. Nc3 a6 5. cxd5 exd5 6. Bg5 {D37: Queen's Gambit Declined: 5 Bf4} Be6 7. e3 Nbd7 8. Bd3 Bd6 9. O-O (9. Bf4 Qe7 10. O-O O-O 11. h3 Rfe8 12. Qc2 {½-½ (12) Aronian,L (2805)-Carlsen,M (2837) Riadh 2017}) 9... c6 10. Bf4 Qc7 {LiveBook: 3 Games} 11. Bxd6 Qxd6 12. h3 O-O 13. Rc1 $146 ({Predecessor:} 13. Qc2 a5 {½-½ (23) Matlakov,M (2728)-Andreikin,D (2706) Tbilisi 2017}) 13... Rfe8 14. a3 h6 15. Qc2 Rac8 16. Na4 b5 17. Nc5 Nxc5 18. Qxc5 Qxc5 19. Rxc5 Nd7 $1 {[%cal Rd7c5]} 20. Rc3 c5 21. dxc5 Nxc5 22. Bc2 Ne4 23. Rxc8 Rxc8 24. Bb1 Kf8 {The position is equal.} 25. Rd1 Ke7 26. Bxe4 dxe4 $11 {[%mdl 4096] Endgame KRB-KRN} 27. Nd4 f5 28. h4 g5 29. hxg5 hxg5 30. f3 exf3 31. gxf3 Bd7 32. Kf2 Rh8 33. Kg3 Rh4 34. Ne2 Rc4 35. Nd4 a5 36. f4 g4 37. Rh1 b4 38. axb4 Rxb4 39. Rh7+ Ke8 40. Rh8+ Ke7 41. Rh7+ Ke8 42. Rh5 Rxb2 43. Nxf5 a4 44. Rh8+ Kf7 45. Rh7+ Ke8 $1 46. Rh8+ Kf7 47. Rh7+ Ke8 $1 48. Nd6+ Kd8 {[#] White must now prevent ...a3.} 49. Nf7+ Kc8 {Strongly threatening ...a3.} 50. Ne5 Be6 {Hoping for ...a3.} 51. Ra7 Rb3 52. Ra8+ Kc7 53. Rxa4 Rxe3+ 54. Kf2 Rc3 55. Ra7+ Kd6 56. Rg7 Kd5 57. Nxg4 Ke4 {Precision: White = 68%, Black = 80%.} 1/2-1/2

[Event "80th Tata Steel Challengers 2018"]
[Site "Wijk aan Zee"]
[Date "2018.01.26"]
[Round "11"]
[White "Vidit, Santosh Gujrathi"]
[Black "Korobov, Anton"]
[Result "1/2-1/2"]
[WhiteElo "2718"]
[BlackElo "2652"]
[Annotator "TA"]
[PlyCount "61"]
[EventDate "2018.??.??"]
[EventType "tourn"]
[EventCountry "NED"]
[SourceTitle "playchess.com"]
[Source "ChessBase"]
[SourceQuality "1"]

{[%evp 11,61,18,31,31,29,19,20,33,44,0,0,0,0,0,0,0,0,0,0,0,0,-5,-7,-7,0,-13,0,0,0,0,0,0,0,0,0,0,11,0,0,0,0,0,0,0,0,0,0,0,0,0,0,0]} 1. e4 c5 2. Nf3 d6 3. Bb5+ Bd7 4. Bxd7+ Nxd7 5. O-O Ngf6 6. Qe2 Qc7 {LiveBook: 5 Games. B52: Sicilian: Moscow Variation with 3...Bd7} (6... Rc8 7. c3 e6 8. d4 cxd4 9. cxd4 d5 10. e5 Ne4 11. Be3 Nb6 12. Ne1 f5 13. f3 Ng5 14. b3 Nf7 {½-½ (30) Mamedov,R (2680)-Ivanchuk,V (2729) Kocaeli 2017}) 7. Rd1 e6 8. d4 cxd4 9. Nxd4 Rc8 $146 ({Predecessor:} 9... a6 10. c4 Be7 11. a4 Rc8 12. Na3 Nc5 13. f3 Nxa4 14. Be3 Nc5 {0-1 (43) Rendon,D (2110)-Barros,R (2096) Medellin 2010}) 10. Nb5 Qxc2 {The position is equal.} 11. Qxc2 Rxc2 12. N1a3 Rc8 13. Nxa7 Rd8 14. N7b5 Nxe4 15. f3 Nef6 16. Nxd6+ Bxd6 17. Rxd6 Ke7 18. Rd4 Ne5 19. Be3 Nc6 20. Rxd8 Rxd8 21. Bc5+ Kd7 22. Nc4 Nd5 23. a4 e5 24. a5 Ke6 25. a6 bxa6 26. Rxa6 Kd7 27. b4 Ndxb4 28. Bxb4 Nxb4 29. Rd6+ Ke7 30. Rxd8 Kxd8 31. Nxe5 {Precision: White = 72%, Black = 72%.} 1/2-1/2

[Event "80th Tata Steel Challengers 2018"]
[Site "Wijk aan Zee"]
[Date "2018.01.26"]
[Round "11"]
[White "Amin, Bassem"]
[Black "Tari, Aryan"]
[Result "1/2-1/2"]
[WhiteElo "2693"]
[BlackElo "2599"]
[Annotator "TA"]
[PlyCount "86"]
[EventDate "2018.??.??"]
[EventType "tourn"]
[EventCountry "NED"]
[SourceTitle "playchess.com"]
[Source "ChessBase"]
[SourceQuality "1"]

{[%evp 17,86,0,5,14,7,15,16,-20,0,-29,-24,-41,-47,-32,-32,-47,-43,-85,-79,-68,-44,-74,-35,-45,37,23,75,0,0,0,0,0,78,31,36,44,19,35,23,-6,-5,-13,-17,-8,-6,-4,-4,-1,-1,-7,0,0,0,0,0,0,0,0,0,0,0,0,0,0,0,0,0,0,0,0,0]} 1. Nf3 d5 2. g3 g6 3. Bg2 Bg7 4. O-O e5 5. d3 Ne7 6. e4 O-O 7. exd5 Nxd5 8. Re1 Nc6 9. Nc3 Nde7 {LiveBook: 18 Games. A07: Réti Opening: New York and Capablanca Systems} 10. a4 Bf5 $146 ({Predecessor:} 10... h6 11. Bd2 Bg4 12. h3 Be6 13. Rb1 a5 14. Nb5 Qd7 15. Kh2 g5 {1-0 (44) Vachier Lagrave,M (2758)-Bacrot,E (2718) Beijing 2014}) 11. a5 Qd7 12. Be3 Bg4 13. Qc1 Rad8 14. Ng5 f6 15. Nge4 b6 16. axb6 axb6 17. Ra4 Nd4 18. Nd2 Nec6 19. Qb1 Be6 20. b4 b5 ({Better is} 20... Nf5 $15) 21. Ra6 $14 Nxb4 {[#]} (21... Nb8 $11 22. Ra3 c5 23. Bxd4 cxd4) 22. Qxb4 (22. Rxe6 $1 $16 Ndxc2 23. Qb3) 22... Nxc2 $11 23. Qb1 $1 {[%cal Rb1c2]} ({Much worse is} 23. Bh3 f5 $17) 23... Nxe1 24. Qxe1 {Strongly threatening Nde4.} Qxd3 (24... f5 $1 $11) 25. Nxb5 {Hoping for Bf1.} Bd5 {[#] Threatens to win with ...Bxg2.} 26. Bxd5+ ({Of course not} 26. Nxc7 Bxg2 27. Kxg2 Rc8 $15) 26... Rxd5 27. Nxc7 {Black must now prevent Qa1.} Rd6 28. Qf1 (28. Ra7 {is interesting.} Qc2 29. Nb5 Rd3 30. Na3 Qc6 31. Qa1) 28... Qxf1+ {The position is equal.} 29. Kxf1 Rxa6 30. Nxa6 Kf7 31. Ne4 Rd8 32. Ke2 Bf8 33. Nac5 Bxc5 34. Nxc5 h5 35. h4 Rb8 36. Kd3 Rb4 37. Kc3 Rb1 38. Kc2 Rb4 39. Kd3 Rb1 40. Ke4 Rd1 41. f4 exf4 42. Bxf4 Re1+ 43. Be3 Ra1 {Precision: White = 56%, Black = 73%.} 1/2-1/2

[Event "80th Tata Steel Challengers 2018"]
[Site "Wijk aan Zee"]
[Date "2018.01.26"]
[Round "11"]
[White "Krasenkow, Michal"]
[Black "Bok, Benjamin"]
[Result "1/2-1/2"]
[WhiteElo "2671"]
[BlackElo "2607"]
[Annotator "TA"]
[PlyCount "68"]
[EventDate "2018.??.??"]
[EventType "tourn"]
[EventCountry "NED"]
[SourceTitle "playchess.com"]
[Source "ChessBase"]
[SourceQuality "1"]

{[%evp 22,68,0,0,22,-23,-21,-51,-43,-75,-85,-97,-80,-97,-52,-107,-68,-51,-14,-45,-28,-71,0,0,-18,-46,-50,-139,-110,-144,-42,-42,0,0,0,0,0,-127,0,0,0,0,0,0,0,0,0,0,0]} 1. d4 Nf6 2. c4 e6 3. Nf3 d5 4. Nc3 c6 5. e3 Nbd7 6. Qc2 Bd6 7. b3 O-O 8. Bb2 e5 {[%cal Be6e5,Be5e4][%mdl 32]} 9. Be2 {D45: Semi-Slav: 5 e3} e4 10. Nd2 Nb8 {[%cal Bd7b8,Bb8a6,Ba6c7][%mdl 32]} (10... Re8 11. g4 Nf8 12. h3 Be6 13. O-O-O a6 14. c5 Bc7 15. Rdg1 N6d7 16. h4 b6 17. cxb6 Nxb6 {0-1 (49) Duda,J (2717)-Wang,H (2709) Riadh 2017}) 11. h3 Na6 12. a3 {LiveBook: 3 Games} Be6 $146 ({Predecessor:} 12... Nc7 13. g4 Be7 14. O-O-O b5 15. c5 a5 16. g5 Nd7 {0-1 (71) Flacker,E (2541)-Ljubicic,L (2603) ICCF email 2015}) 13. O-O Nd7 14. Ndxe4 dxe4 15. Qxe4 Nc7 16. Qc2 f5 17. Bd3 Qg5 18. f4 ({Better is} 18. e4 $15) 18... Qg6 19. g4 Kh8 20. Rf2 b5 21. Rg2 {[#] Black must now prevent gxf5.} bxc4 (21... Qh6 $1 $17 22. Rh2 Bxf4 23. exf4 Qxf4 24. cxb5 cxb5) 22. bxc4 $11 {Threatens to win with gxf5.} Qh6 23. Ne2 Rae8 24. Ng3 (24. Rf1 $1 $15) 24... fxg4 25. hxg4 {[#] Hoping for Rh2.} Bxg4 ({Black should play} 25... Qh3 $17 {Strongly threatening ...Nf6.} 26. Bxh7 Nf6) 26. Rh2 $15 Rxe3 27. Rxh6 Rxg3+ 28. Kh2 Bxf4 29. Rxh7+ Kg8 {...Rxd3+ is the strong threat.} 30. Rf1 {aiming for Rxf4!The position is equal.} Bd6 31. c5 Rh3+ $1 32. Kg2 Rg3+ 33. Kh2 $1 Rh3+ $1 34. Kg2 Rg3+ {Precision: White = 41%, Black = 58%.} 1/2-1/2

[Event "80th Tata Steel Challengers 2018"]
[Site "Wijk aan Zee"]
[Date "2018.01.26"]
[Round "11"]
[White "L'Ami, Erwin"]
[Black "Girya, Olga"]
[Result "1/2-1/2"]
[WhiteElo "2634"]
[BlackElo "2489"]
[Annotator "TA"]
[PlyCount "114"]
[EventDate "2018.??.??"]
[EventType "tourn"]
[EventCountry "NED"]
[SourceTitle "playchess.com"]
[Source "ChessBase"]
[SourceQuality "1"]

{[%evp 10,114,29,30,34,18,36,36,48,0,0,0,0,0,25,-17,0,-6,0,19,26,35,59,17,10,0,0,0,14,-50,-12,-1,0,-9,9,25,33,0,0,0,56,52,54,56,31,36,31,19,66,66,66,66,66,0,0,0,0,0,0,0,8,0,0,0,0,0,0,0,0,0,0,0,0,0,0,0,0,0,0,0,0,0,0,0,0,0,0,0,0,0,0,0,0,0,0,0,0,0,0,0,0,0,0,0,0,0,8]} 1. e4 c6 2. Nc3 d5 3. Nf3 dxe4 4. Nxe4 Nf6 5. Qe2 Nxe4 6. Qxe4 Be6 {B11: Caro-Kann: Two Knights Variation} 7. b3 Bd5 8. Qe3 Bxf3 $146 {White is slightly better.} ({Predecessor:} 8... Nd7 9. Bb2 e6 10. O-O-O Bc5 11. d4 Bxf3 12. Qxf3 Be7 13. h4 Qa5 14. Kb1 {0-1 (36) Vallejo Pons,F (2698)-Eljanov,P (2723) Dubai 2014}) 9. gxf3 (9. Qxf3 {is more complex.} Nd7 10. Bb2 Nf6 11. h4 h5 12. Be2) 9... e6 10. Bb2 Nd7 11. f4 Qa5 12. a3 O-O-O 13. b4 Qd5 14. Rg1 Nb6 15. Rg5 ({But not} 15. Bxg7 $2 Rg8 $19) 15... f5 16. d3 Rg8 17. Be5 Qd7 18. c4 Be7 19. Rb1 ({White should play} 19. Rh5 $11) 19... Bf6 20. Be2 Bxe5 21. Qxe5 Qd4 22. Qxe6+ Nd7 {[#] And now ...Rge8 would win.} 23. Qe3 (23. Qxf5 {keeps more tension.} Rde8 24. Qg4 Rgf8 25. Re5 Rxe5 26. fxe5 Qxe5 27. Qg3) 23... Qc3+ 24. Qd2 Qxd2+ (24... Qf6 $11) 25. Kxd2 $14 g6 26. Rg3 Nf6 27. Kc3 Rd6 $1 28. h4 Rgd8 {[#]} 29. h5 $1 {[%mdl 512]} b5 (29... Nxh5 30. Bxh5) 30. hxg6 hxg6 31. Rc1 (31. Rbg1 $14) 31... bxc4 $11 {The position is equal.} 32. Kxc4 Nd5 33. Rf3 Kc7 34. Kb3 Re8 35. Bf1 Rde6 36. d4 Re1 37. Rxe1 Rxe1 {[%mdl 4096] Endgame KRB-KRN} 38. Bc4 Kd6 39. Bxd5 Kxd5 {KR-KR} 40. Rg3 Re4 41. Rxg6 Rxf4 42. Rg7 Rf3+ 43. Ka4 Rxf2 44. Rd7+ Ke4 45. Rxa7 f4 46. Ka5 Rc2 47. Rf7 f3 48. Kb6 f2 49. a4 Kxd4 50. a5 Ke3 51. a6 {Threatens to win with a7.} Rc4 52. a7 Rxb4+ 53. Kxc6 Ra4 54. Kb7 Ke2 55. a8=Q Rxa8 56. Kxa8 f1=Q 57. Rxf1 Kxf1 {Precision: White = 73%, Black = 58%.} 1/2-1/2

[Event "80th Tata Steel Challengers 2018"]
[Site "Wijk aan Zee"]
[Date "2018.01.26"]
[Round "11"]
[White "Gordievsky, Dmitry"]
[Black "Bluebaum, Matthias"]
[Result "1/2-1/2"]
[WhiteElo "2622"]
[BlackElo "2640"]
[Annotator "TA"]
[PlyCount "114"]
[EventDate "2018.??.??"]
[EventType "tourn"]
[EventCountry "NED"]
[SourceTitle "playchess.com"]
[Source "ChessBase"]
[SourceQuality "1"]

{[%evp 16,114,0,0,0,0,9,0,6,0,-5,-14,0,0,0,0,0,3,4,0,6,0,0,0,22,22,43,35,33,0,0,0,0,0,0,0,0,0,0,0,0,0,-12,-9,0,0,0,-35,0,-30,-21,-37,0,0,0,0,0,-70,14,11,53,0,0,0,18,0,0,0,18,18,19,16,18,16,20,20,20,20,20,20,20,20,20,20,20,20,20,20,20,20,20,0,0,0,0,0,0,0,0,0,0]} 1. c4 e6 2. g3 d5 3. Bg2 Nf6 4. Nf3 dxc4 5. O-O a6 6. Qc2 {A13: English Opening: 1...e6} Bd6 7. Qxc4 b5 8. Qb3 Bb7 9. a4 {LiveBook: 4 Games} c5 10. d3 O-O $146 ({Predecessor:} 10... Bd5 11. Qc2 Nbd7 12. Nc3 Bc6 13. Ne1 Bxg2 14. Nxg2 {½-½ (42) Nakamura,H (2787)-Chandra,A (2477) Saint Louis 2016}) 11. Nc3 {[%cal Bb1c3,Bc3d1,Bd1e3,Be3c4][%mdl 32]} b4 12. Nd1 Nc6 13. Ne3 Na5 14. Qc2 Rc8 15. Nd2 Bxg2 16. Kxg2 Be7 17. Nec4 Nc6 18. Nb3 Nd4 19. Qd1 Qd5+ 20. f3 Rcd8 21. e4 Qd7 22. Be3 Nxb3 23. Qxb3 Qxd3 24. Qxd3 Rxd3 25. Rfd1 Rfd8 26. Rxd3 Rxd3 27. Kf2 Kf8 28. Ke2 Rd8 29. Rc1 Ke8 30. g4 Nd7 31. Bf4 g5 32. Be3 h6 33. b3 f5 34. exf5 exf5 35. gxf5 Nf6 36. h4 ({White should try} 36. Bf2 $11) 36... Nd5 (36... gxh4 $15 37. Rg1 Rd5) 37. hxg5 $11 Bxg5 38. f4 (38. Bxg5 $14 hxg5 39. Rg1) 38... Nxf4+ {The position is equal.} 39. Kf3 Nd3 40. Rg1 Kf7 41. Rd1 Ke8 42. Rh1 Ke7 43. Bxg5+ hxg5 {[%mdl 4096] Endgame KRN-KRN} 44. Rh7+ Kf6 $1 {[%cal Rf6f5]} 45. Rh6+ Kxf5 {Threatens to win with ...g4+.} 46. Nd6+ {[#]} Rxd6 $1 47. Rxd6 {KR-KN} Nc1 48. Rd5+ Ke6 49. Rxc5 Nxb3 50. Rxg5 {[#] And now Ke4 would win.} a5 51. Ke4 {Black must now prevent Rd5.} Kd6 52. Rg6+ Kc5 53. Ra6 Kc4 {( -> ...Nc5+)} 54. Rc6+ Nc5+ 55. Ke5 b3 {Strongly threatening ...b2.} 56. Kd6 Kb4 $1 57. Rb6+ Kc4 {Precision: White = 64%, Black = 65%.} 1/2-1/2